Altering matrimonial processes in the Lhotsampa communities / (Record no. 5547)

MARC details
000 -LEADER
fixed length control field 00749nam a2200205 4500
001 - CONTROL NUMBER
control field 6594
090 00 - LOCALLY ASSIGNED LC-TYPE CALL NUMBER (OCLC); LOCAL CALL NUMBER (RLIN)
Classification number (OCLC) (R) ; Classification number, CALL (RLIN) (NR) POL.SCI CAP No.60
245 00 - TITLE STATEMENT
Title Altering matrimonial processes in the Lhotsampa communities /
Remainder of title
Statement of responsibility, etc. Tshering Yangzom.
Medium
260 00 - PUBLICATION, DISTRIBUTION, ETC.
Place of publication, distribution, etc. [Thimphu] :
Name of publisher, distributor, etc. [Royal Thimphu College],
Date of publication, distribution, etc. 2017.
300 00 - PHYSICAL DESCRIPTION
Extent 22 leaves ; 30 cm.
500 ## - GENERAL NOTE
General note Recommended.
General note Recommended.
504 ## - BIBLIOGRAPHY, ETC. NOTE
Bibliography, etc. note Includes Bibliography and References.
520 ## - SUMMARY, ETC.
Summary, etc. Spiral-bound xerographic copy.
Summary, etc. Student research project for BA, Political Science(Capstone Project):(2017).
650 ## - SUBJECT ADDED ENTRY--TOPICAL TERM
Topical term or geographic name entry element Lhotsampas --
Form subdivision
General subdivision
Chronological subdivision
Geographic subdivision Bhutan.
Source of heading or term
Topical term or geographic name entry element Marriage --
Form subdivision
General subdivision
Chronological subdivision
Geographic subdivision Bhutan.
Source of heading or term
Topical term or geographic name entry element Marriage customs and rites --
Form subdivision
General subdivision
Chronological subdivision
Geographic subdivision Bhutan.
Source of heading or term
Topical term or geographic name entry element Capstone Project.
General subdivision
Holdings
Withdrawn status Lost status Damaged status Not for loan Collection code Home library Current library Shelving location Date acquired Serial Enumeration / chronology Inventory number Total Checkouts Full call number Barcode Date last seen Date last checked out Price effective from Koha item type
        Student work RTC Library RTC Library Student work 27/11/2018 10354 2 POL SCI CAP No. 60STUDENT WORK 30011268 14/10/2024 02/10/2024 27/11/2018 Student Work
Royal Thimphu College || All Right Reserved